000 01191nam a2200289 i 4500
001 87831
003 ES-MaACL
005 20250811052459.0
007 t|
008 041223s1914 sp |||| | spa d
080 _a342.4(460)"1812"
080 _a353.8(460:8)"18"
100 1 _aLabra, Rafael M. de,
_d1840-1918
_969273
245 1 0 _aAmérica y la Constitución española de 1812 :
_b[estudio histórico-jurídico] /
_cRafael María de Labra ; editado por varios americanistas.
260 _aMadrid :
_b[s.n.],
_c1914 (
_fTip. "Sindicato de Publicidad")
300 _a205 p. ;
_c22 cm.
530 _aDisponible en formato digital.
594 _aPrecede al tít.: Las Cortes de Cádiz de 1810-1813.
610 1 _aEspaña.
_tConstitución, 1812.
_93652
610 1 4 _aEspaña.
_bCortes de Cádiz
_93663
650 0 4 _aDerecho colonial-
_zAmérica española
_911671
651 4 _aAmérica española-
_xHistoria-
_y1600-1830, Época colonial.
_9149267
651 4 _aEspaña-
_xHistoria constitucional-
_yS.XIX.
_98367
852 _aES-MaACL
_jT-1376-F-7
856 _uhttp://bdh-rd.bne.es/viewer.vm?id=0000245386&page=1
_zBiblioteca Digital Hispánica
999 _c87831
_d87831